Sovětští autoři o přínosu J. V. Stalina k marxistické filosofii.

Uložené v:
Podrobná bibliografia
Médium: Kniha
Jazyk:Slovak
Vydané: 1951.
Tagy: Pridať tag
Žiadne tagy, Buďte prvý kto otaguje tento záznam!

MARC

LEADER 00000nam a22000004a 4500
001 000541908
005 20170524103154.0
008 170524s1951 xo e 000 0 slo d
040 |a SVKKK  |b slo  |c SVKKK  |e AACR2 
245 1 0 |a Sovětští autoři o přínosu J. V. Stalina k marxistické filosofii. 
260 |c 1951. 
500 |a Záznam revízie 
910 |a svkkk 
998 |a BK 
090 |g SCKHL  |k Sklad  |a III.43  |j 2782  |i 541908-10  |4 Zastaraná  |s Vyradená